Statistics for Places with the Same Prefixes #2

Click here to take the quiz!

General Stats

  • This quiz has been taken 65 times
  • The average score is 15 of 24

Answer Stats

PrefixHintPlace% Correct
PortLisbon is its capitalPortugal
100%
CamOnce ruled by the Khmer RougeCambodia
92%
CamEnglish university or the city where
Harvard is located
Cambridge
92%
CamCountry in Central AfricaCameroon
88%
PortBiggest city in Oregon or MainePortland
86%
AntOne of the seven continentsAntarctica
85%
AntBarbuda counter-partAntigua
80%
AntBelgian city that hosted the 1920
Summer Olympics
Antwerp
78%
AntName for the groups of Islands
in the Caribbean Sea
Antilles
76%
SaintOnly country named for a womanSaint Lucia
76%
PortMost populous French-speaking
city in Latin America
Port-au-Prince
75%
SaintMoscow's most famous cathedralSaint Basil's
66%
SaintRiver flowing through
Quebec City and Montreal
Saint Lawrence
66%
SaintCascade volcano erupted in 1980Saint Helens
64%
AntCapital of MadagascarAntananarivo
61%
PortCapital of VanuatuPort Vila
51%
SaintLocation of the world's
oldest golf course
Saint Andrews
47%
AntPopular Turkish seaside resortAntalya
42%
PortNorthern terminus of Suez CanalPort Said
42%
SaintOldest city in the United StatesSaint Augustine
32%
CamItalian region of NaplesCampania
24%
Cam"Brazilian Silicon Valley"Campinas
19%
CamMexican state in the Yucatan that
borders Guatemala
Campeche
15%
PortCapital of India's
Nicobar and Andaman Islands
Port Blair
8%

Score Distribution

Percentile by Number Answered

Percent of People with Each Score

Your Score History

You have not taken this quiz